| 000 | 00511nam a2200181 a 4500 | ||
|---|---|---|---|
| 005 | 20210219150113.0 | ||
| 008 | 991125s1953 ea 000 0 eng u | ||
| 035 | _aUPN01000007494 | ||
| 049 | _aCG | ||
| 050 | 4 |
_aLC1011 _bS7.2 |
|
| 100 | 1 | _aStevens, David Harrison | |
| 245 | 1 | 4 |
_aThe changing humanities : _ban appraisal of old values and new uses / _cby David H. Stevens. |
| 260 |
_aNew York : _bHarper, _c1953. |
||
| 300 | _a272 p. | ||
| 650 | 4 | _aEDUCACION CLASICA | |
| 650 | 4 | _aHUMANIDADES | |
| 905 | _aLibro | ||
| 999 |
_c7494 _d7494 |
||